Giới thiệu giáo án tin học 10
Uloženo v:
| Hlavní autor: | |
|---|---|
| Další autoři: | |
| Médium: | Kniha |
| Jazyk: | Undetermined |
| Vydáno: |
H.
Giáo dục
2006
|
| Témata: | |
| On-line přístup: | http://lrc.tdmu.edu.vn/opac/search/detail.asp?aID=2&ID=5178 |
| Tagy: |
Přidat tag
Žádné tagy, Buďte první, kdo otaguje tento záznam!
|
| Thư viện lưu trữ: | Trung tâm Học liệu Trường Đại học Thủ Dầu Một |
|---|
| LEADER | 00641nam a2200205Ia 4500 | ||
|---|---|---|---|
| 001 | TDMU_5178 | ||
| 008 | 210410s9999 xx 000 0 und d | ||
| 082 | |a 004.072 | ||
| 090 | |b QU102 | ||
| 100 | |a Quách, Tất Kiên | ||
| 245 | 0 | |a Giới thiệu giáo án tin học 10 | |
| 245 | 0 | |c Quách Tất Kiên | |
| 260 | |a H. | ||
| 260 | |b Giáo dục | ||
| 260 | |c 2006 | ||
| 300 | |a 128tr | ||
| 650 | |a Sách lớp 10; Tin học; Giáo án | ||
| 700 | |a Nguyễn, Văn Thao | ||
| 856 | |u http://lrc.tdmu.edu.vn/opac/search/detail.asp?aID=2&ID=5178 | ||
| 980 | |a Trung tâm Học liệu Trường Đại học Thủ Dầu Một | ||